000 00376nam a22001577a 4500
003 MPLRDC
005 20220104143723.0
008 210129b ||||| |||| 00| 0 eng d
082 _a857.63 MY v.8
100 _a孟瑶
245 _a月圆花残断肠时
_c
260 _a
_b文艺出版社
_c
300 _b
650 _a短篇小说--别集
942 _cBK
_o857.63 MY v.8
999 _c42683
_d42673